Študijné texty z filozofie

Bibliographic Details
Main Authors: Seiler, Vladimír, 1933- (Author), Brinzová, Marta (Author), Briška, František, 1956-2011 (Author), Seilerová, Božena, 1940- (Author)
Format: Book
Language:Slovak
PhysicalDescription:133 s., 10,894 AH, 11,083 VH Lit. 32 zázn. v češ. a slov. 29 cm
Published: Bratislava Slovenská technická univerzita 1995
ISBN:8022707465
Edition:1. vyd.
Subjects:

MARC

LEADER 00000nam a2200000 a 4500
001 vtls001078543
003 SK-MaSNL
005 20260301000757.0
008 250414s1995 xo slo
015 |a SNBA1995/05 
020 |a 8022707465 
035 |a SNK000021378 
035 |a urn:nbn:sk:snk-amlnyu 
035 |a urn:nbn:sk:snk-am00bwv9 
035 |a 5FF759C2-7325-43C3-839D-450553C93082 
040 |a SNK  |b slo  |c SNK  |e AACR2 
041 0 |a slo 
044 |a xo  |c SK 
080 |a 14(075.8)  |2 1981 
245 0 0 |a Študijné texty z filozofie  |c Vladimír Seiler, Marta Brinzová, František Briška, Božena Seilerová 
250 |a 1. vyd. 
260 |a Bratislava  |b Slovenská technická univerzita  |c 1995  |e Bratislava  |f Vydavateľstvo STU 
300 |a 133 s., 10,894 AH, 11,083 VH  |b Lit. 32 zázn. v češ. a slov.  |c 29 cm 
366 |e 400 výt. 
500 |a Schválilo vedenie Elektrotechnickej fakulty STU v Bratislave 
655 7 |a učebnice vysokých škôl  |2 SNKPH  |9 70191 
700 1 |a Seiler, Vladimír,  |d 1933-  |4 aut  |9 215201 
700 1 |a Brinzová, Marta  |4 aut  |9 48724 
700 1 |a Briška, František,  |d 1956-2011  |4 aut  |9 122701 
700 1 |a Seilerová, Božena,  |d 1940-  |4 aut  |9 215204 
852 |a Slovenská národná knižnica 
919 |a 80-227-0746-5 
954 |a filozofia 
958 0 7 |a RM 
958 0 7 |a NB 
958 0 7 |a UV 
999 |c 533486  |d 535416 
952 |t P60, <04>, [BOOK], {604}  |a SNK  |b SNK  |y VYP  |7 0  |p 17A0036055  |o snkSB 53887 D1  |0 0  |1 0  |4 0  |d 1997-02-10  |l 0  |r 2004-12-31 00:00:00  |w 2026-02-23 
952 |a SNK  |b SNK  |y PREZ  |7 0  |p 17A0906508  |o snkSB 53887  |0 0  |1 0  |4 0  |d 2012-08-02  |f 1  |l 0  |r 2025-03-26 00:00:00  |w 2026-02-23